| 000 | 00591nam a2200205Ia 4500 | ||
|---|---|---|---|
| 005 | 20250923150002.0 | ||
| 008 | 008 250917s9999 xx 000 0 eng d | ||
| 037 | _aTextual | ||
| 040 |
_aDSWL _beng _cDSWL |
||
| 041 |
_aeng _2eng |
||
| 084 |
_aX:75x2'N83<--N71, N98.2 _qDSWL |
||
| 245 | 0 |
_aCompendium of education studies conducted by P.E.O 1971-83 _c by P.E.O.India |
|
| 260 |
_aNew Delhi _bAuthor _c1998 |
||
| 300 | _aviii,228 p. | ||
| 365 | _bGift | ||
| 490 | _v2nd | ||
| 925 | _gGift | ||
| 942 |
_cTEXL _hX:75x2'N83<--N71, N98.2 |
||
| 999 |
_c1458168 _d1458168 |
||